Poesías y artículos del Marqués de Heredia. (Record no. 155280)

MARC details
000 -LEADER
campo de control de longitud fija 00766nam a22002055i 4500
001 - NÚMERO DE CONTROL
campo de control 155280
003 - IDENTIFICADOR DE NÚMERO DE CONTROL
campo de control ES-MaACL
005 - FECHA Y HORA DE LA ÚLTIMA TRANSACCIÓN
campo de control 20250803063058.0
008 - DATOS DE LONGITUD FIJA--INFORMACIÓN GENERAL
campo de control de longitud fija 970226s1879 sp a |||| | spa d
040 ## - FUENTE DE CATALOGACIÓN
Centro catalogador/agencia de origen AS
Lengua de catalogación spa
Centro/agencia transcriptor CCPB | SIC
100 1# - ENTRADA PRINCIPAL--NOMBRE DE PERSONA
Nombre de persona Heredia, Narciso de Heredia,
Títulos y otros términos asociados al nombre Marqués de,
Fechas asociadas al nombre 1832-1912
9 (RLIN) 127878
245 10 - MENCIÓN DEL TÍTULO
Título Poesías y artículos del Marqués de Heredia.
250 ## - MENCION DE EDICION
Mención de edición 2ª ed. corr. y aum.
260 ## - PUBLICACIÓN, DISTRIBUCIÓN, ETC.
Lugar de publicación, distribución, etc. Madrid :
Nombre del editor, distribuidor, etc. [s.n.],
Fecha de publicación, distribución, etc. 1879 (
Fabricante Imprenta de la Viuda é Hijo de Aguado)
300 ## - DESCRIPCIÓN FÍSICA
Extensión XIII, 200 p., [1] h. de grab. ;
Dimensiones 18 cm.
597 ## - NOTA DE DESCRIPCIÓN FÍSICA
NOTA DE DESCRIPCIÓN FÍSICA Signaturizado.
599 ## - NOTA A LAS ILUSTRACIONES
NOTA A LAS ILUSTRACIONES Retrato del autor "B. Maura Gbo"
852 ## - LOCALIZACIÓN
Ubicación ES-MaACL
Número de control de estantería T-301-F-3
Nota libre -- Enc. hol., falto de la cub. original
-- -- Enc. en un vol. facticio
Holdings
Estatus retirado Estado de pérdida Estado de daño No para préstamo Colección Biblioteca de origen Biblioteca actual Ubicación en estantería Fecha de adquisición Total de préstamos Signatura topográfica completa Código de barras Visto por última vez Precio de reemplazo Tipo de ítem Koha
        Colección de folletos Biblioteca del Ateneo de Madrid Biblioteca del Ateneo de Madrid Depósito folletos 17/01/2008   T-301-F-3 1162431 23/02/2023 23/02/2023 Folleto